000 00672nam a2200289Ia 4500
005 20260324123615.0
008 008 260324s9999 xx 000 0 eng d
020 _a9780240815084
037 _aEBOOK
040 _aCRL
040 _beng
040 _cCRL
041 _2eng
041 _aeng
084 _qCRL
100 _aRichard D. Zakia; David Page
_91170952
245 0 _aPhotographic Composition
245 2 _bA Visual Guide
260 _bTaylor and Francis
260 _c2011
365 _a
365 _b300
856 _uhttp://www.taylorfrancis.com/books/9780240815084
942 _cEBOOK
999 _c1764627
_d1764627